000 00497nam a2200193Ia 4500
003 GCL
008 140319s9999 xx 000 0 ara d
040 _aGCL /
_cGCL
082 0 4 _a891.7
_bم ا
100 1 _aمكسيم جورجى
245 1 0 _aالام /
_cمكسيم جورجى
700 1 _aاحمد سويد
260 _a[S.N] :
_bمكتبة المعارف ،
_c1988
300 _a451 ص
490 _a
650 0 4 _aالادب الروسى
650 0 4 _aالقصص
942 _2ddc
_cBK
999 _c53971
_d53971